| 000 | 00377nam a2200133Ia 4500 | ||
|---|---|---|---|
| 005 | 20260326100029.0 | ||
| 008 | 260326s9999||||xx |||||||||||||| ||und|| | ||
| 100 | _aRother, Hans | ||
| 245 | 0 |
_aBruno Violi : _b Su Obra entre 1939 y 1971 y su relación con la Arquitectura Colombiana / _cHans Rother |
|
| 260 | _bEscala | ||
| 300 | _a119 p. | ||
| 650 | _aARQUITECTOS | ||
| 942 | _cBK | ||
| 999 |
_c6519 _d6519 |
||